LDR 01164naa#a2200193#i#450# 001 RU\INFRA-M\bibl\126779 005 20260706014536.1 011 ## _a2305-7807 100 ## _a20260430b2026####ek#y0rusy0150####ca 102 ## _aRU 200 1# _aНОРМИРОВАНИЕ КАДРОВОГО ДЕЛОПРОИЗВОДСТВА В УСЛОВИЯХ ФУНКЦИОНИРОВАНИЯ ЦЕНТРОВ ЕДИНОГО СЕРВИСА И ЦИФРОВОЙ ТРАНСФОРМАЦИИ КАДРОВОЙ ФУНКЦИИ _eЖурнальная статья 210 1# _aМосква _cОбщество с ограниченной ответственностью «Научно-издательский центр ИНФРА-М» _d2026 215 ## _a8 с. 608 ## _aЖурнальная статья _2local 675 ## _aИзучение проблемы организации: методология, анализ, синтез, классификация и таксономия (теория, основы), систематизация в целом. 005 _z 700 #1 _aПозолотина _gЕ. И. 700 #1 _aКорнева _gО. М. 700 #1 _aКарманова _gД. О. 856 4# _azh-szf.ru _u